000 00874nam a2200181Ia 4500
008 151018s9999 xx 000 0 und d
082 _bRBASDV60138
_a891.433
100 _aमीना सोनी
245 _aप्रेमचंद और फकीर मोहन के उपन्यासों मे समाज के बदलते रूप
250 _b1
260 _bपंकज बुक्स
_c2010
300 _a182
600 _aमीना सोनी
630 _aप्रेमचंद और फकीर मोहन के उपन्यासों मे समाज के बदलते रूप
700 _aमीना सोनी
730 _aप्रेमचंद और फकीर मोहन के उपन्यासों मे समाज के बदलते रूप
942 _cBOOK
999 _c1053719
_d1053716